Score 0/48 Timer 04:00
2 Plays Today
% Correct
Brazil
94.6%
Argentina
93.6%
New Zealand
91.3%
Denmark
91.3%
Bolivia
90.7%
Chile
90.5%
Paraguay
90.2%
Peru
90%
Portugal
89.7%
Bulgaria
89.1%
Slovenia
88.7%
Ukraine
88.5%
Vietnam
88.5%
Malaysia
88.3%
Serbia
88%
Afghanistan
87.4%
Samoa
87.3%
Papua New Guinea
87.2%
Cambodia
86.8%
Palau
86.1%
Mexico
86%
Chad
85.6%
Jamaica
85.5%
Sri Lanka
85%
% Correct
Andorra
84.8%
Haiti
84.7%
Namibia
84.6%
Vanuatu
84.6%
Nauru
83.5%
Barbados
83.1%
Malta
82.9%
Panama
82.6%
Tonga
82.5%
Angola
82.1%
Zimbabwe
82.1%
Djibouti
81.3%
Guatemala
81.1%
Gabon
80.9%
Oman
79.7%
Trinidad and Tobago
79.6%
Jordan
79.2%
Senegal
78.5%
Saint Vincent and the Grenadines
78.5%
Kiribati
78.3%
Malawi
78.2%
Yemen
77.9%
Guyana
77.4%
Suriname
72.9%
Remove Ads.
Support Sporcle.
Get the best of Sporcle when you Go Orange. This ad-free experience offers more features, more stats, and more fun while also helping to support Sporcle. Thank you for becoming a member.

You're not logged in!

Compare scores with friends on all Sporcle quizzes.
OR
Log In

Show Comments

Extras

Top Quizzes Today


Score Distribution

Your Account Isn't Verified!

In order to create a playlist on Sporcle, you need to verify the email address you used during registration. Go to your Sporcle Settings to finish the process.

Report this User

Report this user for behavior that violates our Community Guidelines.

Details: